00425nam a2200181Ia 4500008004100000020001400041050001400055100001800069245003900087245001800126260001500144260001600159260000900175300001400184300002700198300001000225500000800235170918s9999 xx 000 0 und d a590444085 bG441 1990 aGibbons, Gail aWeather words and what they mean / cGail Gibbons. aNew York : bScholastic, c1990 aunpaged : bcolored illustration ; c20cm. a450